My Man On Willpower - Sabrina Carpenter (All Lyrics) - Statistics

General Stats
  • This quiz has been taken 378 times
  • The average score is 228 of 279
Answer Stats
Lyrics % Correct
my
99%
My
99%
he
98%
He
98%
I
98%
A
97%
a
97%
me
97%
to
97%
in
96%
with
96%
be
95%
don't
95%
man
95%
on
95%
the
95%
The
95%
He's
94%
he's
94%
his
94%
No,
94%
willpower
94%
is
93%
so
92%
something
92%
Something
92%
under-
92%
understand
92%
it
91%
Now
91%
now
91%
and
89%
of
89%
touch
89%
Oh,
88%
oh
88%
used
88%
I'm
87%
least
87%
obsessed
87%
land
86%
love
86%
this
86%
This
86%
always
85%
fell
85%
girl
85%
literally
85%
for
84%
him,
84%
him
84%
it's
84%
out
83%
self
83%
hand
82%
emotions
80%
foot
80%
getting
80%
just
80%
slutty
80%
What
79%
like
78%
like?
78%
loving,
78%
time
78%
won't
78%
yesterday
77%
baby
76%
doesn't
76%
have
76%
night
76%
twenty
76%
busy,
75%
clingy,
75%
man's
75%
after
74%
all
74%
sought
74%
Stranger
74%
(Stranger)
74%
suddenly
74%
Can
73%
can
73%
feels
73%
initiates
73%
not
73%
pole
73%
wanted
73%
up
72%
at
70%
bed
70%
comedy
70%
Danger
70%
(Danger)
70%
devotion
70%
recognize
70%
touching,
70%
dark
69%
fucked
69%
personalities
69%
romantic,
69%
Calling
68%
knows
68%
knows)
68%
restraint
68%
working,
68%
only
67%
pajamas
67%
tempting
67%
four
66%
God
66%
nightmare
66%
bullshit,
65%
gone?
65%
here
65%
here)
65%
life
64%
right
63%
(Right
63%
but
61%
find
61%
Where's
61%
(Where's
61%
journey
60%
okay,
60%
Yeah,
60%
one's
59%
return
59%
There
59%
forgotten
57%
back
56%
big
56%
lately?
56%
why?
56%
You're
56%
silly,
54%
without
54%
little
53%
over
53%
version
52%
joke
49%
purpose,
48%
Pondering
47%
sense
46%
eyed
44%
Wide
44%
waving
40%
me'd
35%
zest
34%
(Dreamin')
32%
(Hello)
31%
(Schemin')
31%
give
19%
No matching quizzes found
Score Distribution
Percent of People with Each Score
Percentile by Number Answered
Your Score History
You have not taken this quiz